000 01049nam a2200277 a 4500
001 000030971
005 20260414130834.0
008 110608s1994 sp 000 f spa d
040 _aDO-SdBNP
_bspa
_cBNPHU
100 1 _aPlutarco
_952326
245 1 0 _aVidas paralelas /
_cPlutarco ; traducción al castellano Ranz Romanillos ; prólogo Joaquín del Moral Ruiz.
260 _aMadrid :
_bClub Internacional del Libro,
_cD. L. 1994.
300 _a173 p. ;
_c18 cm.
490 1 _aGrandes genios de la literatura universal
600 0 4 _aDEMÓSTENES,
_d384 a. C.-322 a. C.
_957482
600 0 4 _aCICERÓN,
_d106 a. C.-43 a. C.
_957483
600 0 4 _aPERICLES,
_d495 a. C.-429 a. C.
_957484
600 0 4 _aFABIO MÁXIMO,
_d275 a. C.-203 a. C.
_957485
650 2 0 _aBiografía
_94997
650 2 4 _aOradores romanos
_957486
650 2 4 _aOradores griegos
_957487
650 2 4 _aFilósofos
_9809
700 1 _aRomanillos, Ranz,
_etrad.
_957488
700 1 _aMoral Ruiz, Joaquín del,
_epról.
_912826
830 4 _aGrandes genios de la literatura universal
_97077
999 _c30463
_d30463